Riḥlāt al-ḥayawān wa-al-ṭuyūr (Record no. 48515)

MARC details
000 -LEADER
fixed length control field 00683cam a22002291 4500
001 - CONTROL NUMBER
control field ne 65002405
003 - CONTROL NUMBER IDENTIFIER
control field DLC
005 - DATE AND TIME OF LATEST TRANSACTION
control field 20260227111818.0
008 - FIXED-LENGTH DATA ELEMENTS--GENERAL INFORMATION
fixed length control field 840116s1965 ua b 000 0 arar
010 ## - LIBRARY OF CONGRESS CONTROL NUMBER
LC control number ne 65002405
035 ## - SYSTEM CONTROL NUMBER
System control number (OCoLC)10306102
040 ## - CATALOGING SOURCE
Original cataloging agency DLC
Transcribing agency TxU
Modifying agency TxU
-- DLC
042 ## - AUTHENTICATION CODE
Authentication code premarc
050 00 - LIBRARY OF CONGRESS CALL NUMBER
Classification number QL754
Item number .H3
100 1# - MAIN ENTRY--PERSONAL NAME
Personal name Ḥannā, Murīd Yannī.
245 10 - TITLE STATEMENT
Title Riḥlāt al-ḥayawān wa-al-ṭuyūr
Statement of responsibility, etc. [taʼlīf] Murīd Yannī Ḥannā.
260 ## - PUBLICATION, DISTRIBUTION, ETC.
Place of publication, distribution, etc. [al-Qāhirah]
Name of publisher, distributor, etc. Dār al-Qalam
Date of publication, distribution, etc. [1965]
300 ## - PHYSICAL DESCRIPTION
Extent 97, [14] p.
Other physical details illus., map.
Dimensions 17 cm.
490 0# - SERIES STATEMENT
Series statement al-Maktabah al-Thaqāfīyah,
Volume/sequential designation 131
504 ## - BIBLIOGRAPHY, ETC. NOTE
Bibliography, etc. note Bibliography: p. [104]
650 #0 - SUBJECT ADDED ENTRY--TOPICAL TERM
Topical term or geographic name entry element Animal migration.

No items available.

Powered by Koha